| 000 | 00638nam a2200217 a 4500 | ||
|---|---|---|---|
| 005 | 20230617063526.0 | ||
| 008 | 991125s1982 es 000 0 spa u | ||
| 020 | _a8437216877 | ||
| 035 | _aUPN01000033557 | ||
| 049 | _aI | ||
| 050 | 4 |
_aTK7870 _bM3.5 |
|
| 100 | 1 |
_aMallol, B. R. _937058 |
|
| 245 | 1 | 0 |
_aJuegos electrónicos / _cB. R. Mallol, J. Villalvilla. |
| 260 |
_aMadrid : _bAltea, _c1982. |
||
| 300 |
_a96 p. : _bil. |
||
| 440 | 0 |
_aEnciclopedia de las aficiones ; _v22 |
|
| 650 | 4 |
_aELECTRONICA - _xESTUDIO Y ENSEÑANZA _919879 |
|
| 650 | 4 |
_aRecreación y juego _915377 |
|
| 700 | 1 |
_aVillalvilla, J., _ecoaut. |
|
| 905 | _aInfantil | ||
| 999 |
_c33557 _d33557 |
||